Spell the Country #2 - Statistics

General Stats
  • This quiz has been taken 85 times
  • The average score is 7 of 8
Answer Stats
Picture Answer % Correct
Russia
98%
Greece
95%
Estonia
94%
Algeria
91%
Namibia
88%
Yemen
88%
Germany
77%
Micronesia
69%
No matching quizzes found
Score Distribution
Percent of People with Each Score
Percentile by Number Answered
Your Score History
You have not taken this quiz